00571nam a22001697a 450000500170000001000150001702000260003203500140005803700130007208200160008510000220010124500940012326000460021727000650026330000250032850000480035320180831102630.0 aENG-123940 a9780199484218c895.00 aEN-107472 bDBAD/PUB a324.6230954 aMukherjee, Sumita aIndian suffragettes:cby Sumita Mukherjeebfemale identities and transnational netwroks / c2018aNew Delhi bOxford University Press aYMCA Library Building, 1 Jai Singh Road,bNew Delhi e110001 c22cm(Hb)axvi,292p.  aIt include appendix, bibliography and index